Mapa Azji bez 10 losowych państw - Statystyki

Ogólne statystyki
  • Ten quiz został rozwiązany 1 172 razy
    587 od ostatniego zresetowania
  • Średni wynik to 7 z 10
Odpowiedzi na mapie
Odpowiedzi zakodowano w zielono-czerwonej skali na mapie do tego quizu, zgodnie z poniższymi procentami.
 
Statystyki odpowiedzi
Kraj % Poprawnych
Chiny
100%
Kazachstan
98%
Indonezja
97%
Indie
95%
Laos
95%
Mongolia
94%
Arabia Saudyjska
93%
Iran
93%
Irak
92%
Afganistan
90%
Pakistan
90%
Nepal
89%
Uzbekistan
86%
Tajlandia
85%
Jemen
84%
Kirgistan
84%
Turkmenistan
84%
Tadżykistan
83%
Bangladesz
82%
Oman
82%
Korea Północna
81%
Armenia
79%
Korea Południowa
78%
Azerbejdżan
77%
Jordania
76%
Bhutan
75%
Japonia
74%
Sri Lanka
74%
Katar
73%
Mjanma
73%
Syria
72%
Kambodża
71%
Turcja
69%
Malezja
68%
Izrael
67%
Tajwan
67%
Wietnam
66%
Filipiny
61%
Malediwy
61%
Zjednoczone Emiraty Arabskie
58%
Cypr
54%
Gruzja
51%
Singapur
47%
Kuwejt
46%
Timor Wschodni
45%
Liban
40%
Bahrajn
38%
Brunei
29%
Nie znaleziono quizów pasujących do podanych kryteriów
Rozkład punktacji
Procent ludzi z każdym wynikiem
Percentyl według liczby udzielonych odpowiedzi
Twoja historia wyników
Nie rozwiązałeś tego quizu od ostatniego zresetowania